Transfery Aston villi w letnim okienku transferowym 2020/21. - Statystyki

Ogólne statystyki
  • Ten quiz został rozwiązany 26 razy
    22 od ostatniego zresetowania
  • Średni wynik to 4 z 5
Statystyki odpowiedzi
Cena Pozycja Poprzedni klub Piłkarz % Poprawnych
17,40 mln Bramkarz Arsenal Martinez
90%
15,75 mln Prawy obrońca Nottingham Cash
81%
30,60 mln Napastnik Brentford Watkins
81%
Wypożyczenie Środkowy pomocnik Chelsea Barkley
67%
18,40 mln Prawy napastnik Lyon Traore
52%
Nie znaleziono quizów pasujących do podanych kryteriów
Rozkład punktacji
Procent ludzi z każdym wynikiem
Percentyl według liczby udzielonych odpowiedzi
Twoja historia wyników
Nie rozwiązałeś tego quizu od ostatniego zresetowania